Statistics for Countries in Hexagons of the World Map

Click here to take the quiz!

General Stats

  • This quiz has been taken 48,219 times
  • The average score is 134 of 144

Answers on the Map

Answers color-coded by a green-red scale on the quiz's map according to % correct below.
Loading ...
 

Answer Stats

Countries% Correct
Afghanistan | Armenia | Azerbaijan | Georgia | Iran | Iraq | Kazakhstan | Russia | Turkey | Turkmenistan | Uzbekistan
99%
Antigua and Barbuda | Bahamas | Barbados | Colombia | Cuba | Dominica | Dominican Republic | France | Grenada | Haiti | Jamaica | Netherlands | Saint Kitts and Nevis | Saint Lucia | Saint Vincent and the Grenadines | Trinidad and Tobago | United States | Venezuela
99%
Armenia | Azerbaijan | Bulgaria | Georgia | Iran | Moldova | Romania | Russia | Turkey | Ukraine
99%
Austria | Belarus | Bosnia and Herzegovina | Croatia | Czechia | Germany | Hungary | Italy | Latvia | Lithuania | Moldova | Poland | Romania | Russia | Serbia | Slovakia | Slovenia | Sweden | Ukraine
99%
Bahamas | Belize | Cuba | Guatemala | Jamaica | Mexico | United States
99%
Belarus | Estonia | Finland | Latvia | Russia | Ukraine
99%
Brazil | France | Suriname
99%
Canada
99%
Canada | Denmark
99%
Canada | United States
99%
China | Japan | North Korea | Russia | South Korea
99%
China | Japan | Russia
99%
China | Kazakhstan | Mongolia | Russia
99%
China | Mongolia | Russia
99%
Estonia | Finland | Latvia | Norway | Russia | Sweden
99%
Finland | Norway | Russia
99%
Kazakhstan | Russia
99%
Kazakhstan | Russia | Uzbekistan
99%
Mexico | United States
99%
Mongolia | Russia
99%
Russia
99%
United States
99%
Afghanistan | China | India | Iran | Nepal | Pakistan | Tajikistan | Turkmenistan | Uzbekistan
98%
Afghanistan | China | Kazakhstan | Kyrgyzstan | Tajikistan | Turkmenistan | Uzbekistan
98%
Andorra | Austria | Belgium | France | Germany | Italy | Liechtenstein | Luxembourg | Monaco | San Marino | Spain | Switzerland | United Kingdom | Vatican City
98%
Argentina | Bolivia | Brazil | Chile | Paraguay | Peru
98%
Argentina | Brazil | Paraguay | Uruguay
98%
Argentina | Chile | United Kingdom
98%
Bangladesh | Bhutan | China | India | Myanmar | Nepal
98%
Belgium | Denmark | Germany | Netherlands | Norway | Sweden | United Kingdom
98%
Bolivia | Brazil
98%
Bolivia | Brazil | Colombia | Peru
98%
Brazil
98%
Brazil | Colombia | Guyana | Peru | Suriname | Trinidad and Tobago | Venezuela
98%
Cambodia | China | Laos | Myanmar | Thailand | Vietnam
98%
China | Mongolia
98%
China | Philippines | Taiwan
98%
Algeria | Chad | Egypt | Libya | Niger | Sudan
97%
Australia
97%
Australia | East Timor | Indonesia
97%
Australia | Indonesia | Papua New Guinea
97%
Australia | New Zealand
97%
Belize | Colombia | Costa Rica | El Salvador | Guatemala | Honduras | Mexico | Nicaragua | Panama | Venezuela
97%
China | Myanmar
97%
Guatemala | Mexico
97%
India | Indonesia | Myanmar | Sri Lanka | Thailand
97%
Albania | Bosnia and Herzegovina | Bulgaria | Croatia | Egypt | Greece | Italy | Kosovo | Libya | Malta | Montenegro | North Macedonia | Romania | Serbia | Tunisia | Turkey
96%
Algeria | Libya | Morocco | Spain | Tunisia
96%
Argentina | Chile | Uruguay
96%
Botswana | Eswatini | Madagascar | Malawi | Mozambique | South Africa | Zimbabwe
96%
Cameroon | Central African Republic | Chad | Democratic Republic of the Congo | Niger | Nigeria | South Sudan | Sudan
96%
Cyprus | Egypt | Iran | Iraq | Israel | Jordan | Kuwait | Lebanon | Saudi Arabia | Syria | Turkey
96%
Djibouti | Egypt | Eritrea | Ethiopia | Saudi Arabia | Somalia | South Sudan | Sudan | Yemen
96%
India | Maldives | Sri Lanka
96%
India | Pakistan
96%
Algeria | Mali | Mauritania | Morocco | Spain
95%
Democratic Republic of the Congo | Ethiopia | Kenya | Somalia | South Sudan | Sudan | Tanzania | Uganda
95%
Denmark | Iceland
95%
Afghanistan | Bahrain | Iran | Kuwait | Oman | Pakistan | Qatar | Saudi Arabia | United Arab Emirates | Yemen
94%
Botswana | Lesotho | Namibia | South Africa
94%
Comoros | Democratic Republic of the Congo | France | Kenya | Malawi | Mozambique | Tanzania | Zambia
94%
Morocco | Portugal | Spain
94%
Algeria | Benin | Burkina Faso | Ghana | Mali | Mauritania | Niger | Nigeria | Togo
93%
Brunei | Cambodia | Indonesia | Malaysia | Singapore | Thailand | Vietnam
93%
Colombia | Ecuador | Peru
93%
France | Madagascar | Mauritius
93%
Ireland | United Kingdom
93%
Angola | Botswana | Democratic Republic of the Congo | Mozambique | Namibia | Zambia | Zimbabwe
92%
Angola | Burundi | Cameroon | Central African Republic | Democratic Republic of the Congo | Gabon | Republic of the Congo | Rwanda | Tanzania | Uganda
92%
Denmark
91%
Federated States of Micronesia | Indonesia | Palau
91%
Benin | Burkina Faso | Cameroon | Equatorial Guinea | Gabon | Ghana | Ivory Coast | Liberia | Nigeria | São Tomé and Príncipe | Togo
90%
East Timor | Indonesia
90%
Indonesia
90%
Burkina Faso | Cape Verde | Gambia | Guinea | Guinea-Bissau | Ivory Coast | Liberia | Mali | Mauritania | Senegal | Sierra Leone
89%
Ethiopia | Oman | Somalia | Yemen
89%
Peru
87%
New Zealand
86%
Japan
85%
Malaysia | Palau | Philippines
85%
Fiji | France | Tonga | Vanuatu
84%
Fiji | Kiribati | Solomon Islands | Tuvalu | Vanuatu
80%
Chile
79%
France | Solomon Islands | Vanuatu
79%
Federated States of Micronesia | Nauru | Papua New Guinea | Solomon Islands
76%
Kiribati | Marshall Islands
71%
Federated States of Micronesia | Marshall Islands
69%
Kiribati
65%
Cape Verde
63%
Samoa | Tonga
59%
Seychelles
59%
Portugal
54%
Angola
53%
Marshall Islands
51%

Score Distribution

Percentile by Number Answered

Percent of People with Each Score

Your Score History

You have not taken this quiz